书目信息 |
| 题名: |
公共建筑设计经典
|
|
| 作者: | 文世华 编 | |
| 分册: | ||
| 出版信息: | 沈阳 辽宁科学技术出版社 1995.03 |
|
| 页数: | 184页 | |
| 开本: | 16开 | |
| 丛书名: | ||
| 单 册: | ||
| 中图分类: | TU242 | |
| 科图分类: | ||
| 主题词: | ||
| 电子资源: | ||
| ISBN: | 7-5381-1962-0 | |
| 000 | 00548nam0 2200181 45 | |
| 001 | 0199005482 | |
| 005 | 20091110104208.59 | |
| 010 | @a7-5381-1962-0@dCNY60.00 | |
| 100 | @a19990804d km y0chiy0120 ea | |
| 101 | 0 | @achi |
| 105 | @a z 000yy | |
| 200 | 1 | @AGONG GONG JIAN ZHU SHE JI JING DIAN@Fwen shi hua bian@a公共建筑设计经典@f文世华编 |
| 210 | @a沈阳@c辽宁科学技术出版社@d1995.03 | |
| 215 | @a184页@c无图表@d16开 | |
| 690 | @aTU242@v3 | |
| 701 | 0 | @a文世华@Awen shi hua@4编 |
| 801 | @aCN@bPftUser@c20091110 | |
| 905 | @dTU242@eW330@b206727@f1 | |
| 公共建筑设计经典/文世华编.-沈阳:辽宁科学技术出版社,1995.03 |
| 184页:无图表;16开 |
| ISBN 7-5381-1962-0:CNY60.00 |
| ● |
| 相关链接 |
|
|
|
正题名:公共建筑设计经典
索取号:TU242/W330
 
预约/预借
| 序号 | 登录号 | 条形码 | 馆藏地/架位号 | 状态 | 备注 |
| 1 | 206727 | 202067271 | 建筑库101/101建筑库 66排7列3层/ [索取号:TU242/W330] | 在馆 |